| 000 | 01409cam a2200349 a 4500 | ||
|---|---|---|---|
| 999 |
_c1772 _d1772 |
||
| 001 | 1137145 | ||
| 003 | GZU | ||
| 005 | 20201021150653.0 | ||
| 008 | 941025s1994 enk b 100 0 eng | ||
| 010 | _a 94222585 | ||
| 020 | _a1897748019 | ||
| 040 |
_aDLC _cDLC _dDLC |
||
| 043 | _ad------ | ||
| 050 | 0 | 0 |
_aHC60 _b.GOV 1994 |
| 245 | 0 | 0 |
_aGovernance, democracy, and conditionality : _bwhat role for NGOs? / _cedited by Andrew Clayton. |
| 246 | 1 | 4 | _aGovernance, democrary & conditionality. |
| 260 |
_aOxford, UK : _bINTRAC, _c1994. |
||
| 300 |
_aii, 136 p. ; _c21 cm. |
||
| 440 | 0 |
_aINTRAC NGO management & policy series ; _vno. 2 |
|
| 500 | _aPapers from an INTRAC workshop held in Amersfoort, Netherlands, June 4-6, 1993. | ||
| 504 | _aIncludes bibliographical references (p. 133-135). | ||
| 650 | 0 |
_aEconomic assistance _zDeveloping countries _xCongresses. |
|
| 650 | 0 |
_aEconomic assistance _xPolitical aspects _xCongresses. |
|
| 650 | 0 |
_aNon-governmental organizations _zDeveloping countries _xCongresses. |
|
| 650 | 0 |
_aDemocracy _zDeveloping countries _xCongresses. |
|
| 650 | 0 | _aConditionality (International relations) | |
| 651 | 0 |
_aDeveloping countries _xPolitics and government _xCongresses. |
|
| 700 | 1 |
_aClayton, Andrew _c(Writer on non-governmental organizations) |
|
| 710 | 2 | _aINTRAC (Great Britain) | |
| 906 |
_a7 _bcbc _corignew _d2 _encip _f19 _gy-gencatlg |
||
| 942 |
_2lcc _cBK _h60 _iGOV _kHC |
||